000 00549nam a2200205Ia 4500
003 GCL
008 140319s9999 xx 000 0 eng d
040 _aGCL /
_cGCL
082 0 4 _aCH
_b372.216
_bH I
100 1 _aHEIDERMAN, CAROL
245 1 0 _a4 IN 1 AEROSPACE: ACTIVITY BOOKLET TWO /
_cHEIDERMAN, CAROL
260 _a[S.N] :
_bNATIONAL HEADQUARTERS ،
_c1987
300 _a17 P
650 0 4 _aAVIATION
650 0 4 _aCOLOURS
650 0 4 _aCHILDREN - BOOKS
650 0 4 _aCOLOUR - STUDY
650 0 4 _aCOLOURING FOR CHILDREN
942 _2ddc
_cBK
999 _c15412
_d15412